|
|
|
|
| LEADER |
00000nab a2200000uu 4500 |
| 001 |
vtls010875693 |
| 003 |
SK-MaSNL |
| 005 |
20260303163046.0 |
| 008 |
230303|1977 xo |||||||||||||||||eng| |
| 015 |
|
|
|a SNBRB
|
| 035 |
|
|
|a (urnnbn)urn:nbn:sk:snk:ar-0060fe
|
| 035 |
|
|
|a (uuid)ca106731-57e2-435b-b222-013aed8461b2
|
| 035 |
|
|
|a urn:nbn:sk:snk-ab7pi2
|
| 040 |
|
|
|a SNKBUCL
|b slo
|c SNKBUCL
|e AACR2
|
| 041 |
0 |
|
|a eng
|
| 044 |
|
|
|a xo
|c SK
|
| 100 |
1 |
|
|a Sláma, I.
|4 aut
|9 1186391
|
| 245 |
1 |
0 |
|a Electrical conductivity of molten calcium nitrate and calcium chloride hydrates
|c I. Sláma, J. Novák, Z. Kodejš, J. Majling
|
| 700 |
1 |
|
|a Majling, Ján,
|d 1942-
|4 trl
|9 40011
|
| 700 |
1 |
|
|a Novák, J.
|4 aut
|9 329634
|
| 700 |
1 |
|
|a Kodejš, Z.
|4 aut
|9 1186848
|
| 773 |
0 |
|
|t Chemické zvesti
|g Roč. 31, č. 1 (1977), s. 29-37
|
| 958 |
|
|
|a OND
|
| 958 |
|
|
|a EUIPO
|
| 958 |
|
|
|a article8
|
| 999 |
|
|
|c 2058607
|d 2060537
|